000 00972nam a22002897a 4500
003 OSt
005 20260402073418.0
008 260402b |||||||| |||| 00| 0 eng d
020 _a0395618789
040 _cHOUGHTON MIFFLIN COMPANY
041 _aenglish
050 _aPZ 7 .C783 1993
_b .C783 1993
100 _aCooney, Caroline
_eAuthor.
245 _aFamily reunion /
_cCaroline B. Cooney.
250 _a1st edition.
260 _aBoston :
_bHoughton Mifflin Company,
_c1993.
300 _a169 pages . :
_bill. ;
_c21.6 cm.
500 _aA story about family relationships and reunion experiences.
504 _aIncludes bibliographical references (
520 _aA fictional narrative exploring family dynamics, relationships, and reunions.
521 _aSuitable for young adults.
650 _aFamilies
_xFiction
650 _aFamily relationships
_xFiction.
650 _aDomestic fiction.
655 _2lcgft
_aFiction.
942 _2lcc
_cBK
_e1st ed.
_n0
999 _c10042
_d10042